| 000 | 00879nam a22001935i 4500 | ||
|---|---|---|---|
| 001 | 159681 | ||
| 003 | ES-MaACL | ||
| 005 | 20230906211729.0 | ||
| 008 | 000119q18801900fr a |||| | fre d | ||
| 040 |
_aCAM _bspa _cCAM |
||
| 080 | _a03 | ||
| 245 | 0 | 3 |
_aUn million de faits _b: aide-mémoire universel des sciences, des arts et des lettres / _cpar J. Aicard [et. al.]. |
| 250 | _a9e éd. rev. et corr. | ||
| 260 |
_aParis : _bGarnier fréres libraires, _c[s.a.[ ( _fImprimerie de J. Claye) |
||
| 300 |
_aXXVII, 1595, 36, [1] p. : _bil. ; _c19 cm. |
||
| 596 | 1 | _aProbablemente fechada en la segunda mitad del siglo XIX. | |
| 700 | 1 | 1 |
_aAicard, J. _9125566 |
| 852 |
_aES-MaACL _jD-1757 _z-- Enc. tela _z-- Legado de Modesto de la Fuente _x-- Edic.: corregir en T300 1595 col., [76] p. _x-- Edic.: probablemente el registro bibliográfico corresponda a este ejemp. del Ateneo |
||
| 999 |
_c159681 _d159681 |
||